| 000 | 00271nam a22001097a 4500 | ||
|---|---|---|---|
| 999 |
_c17128 _d17128 |
||
| 003 | Nust | ||
| 005 | 20170315153338.0 | ||
| 008 | 140526t xxu||||| |||| 00| 0 eng d | ||
| 020 | _a978-81-313-1103-5 | ||
| 040 | _cASAB | ||
| 082 | _a600 | ||
| 100 |
_aDr. Shalini Suri _9888 |
||
| 245 |
_aSeed Technology and Seed pathology _cDr. Shalini Suri |
||
| 246 | _aseedtechnology and seed pathology | ||
| 300 | _a276 | ||
| 942 |
_2ddc _cBK |
||